Normal view
MARC view
Entry Personal Name
001 - CONTROL NUMBER
- control field: 74796
003 - CONTROL NUMBER IDENTIFIER
- control field: OSt
005 - DATE AND TIME OF LATEST TRANSACTION
- control field: 20190508125112.0
008 - FIXED-LENGTH DATA ELEMENTS
- fixed length control field: 190508|| aca||aabn | a|a d
040 ## - CATALOGING SOURCE
- Original cataloging agency: OSt
- Transcribing agency: OSt
100 ## - HEADING--PERSONAL NAME
- Personal name: Kapur,Devesh
670 ## - SOURCE DATA FOUND
- Source citation: Work cat.: (OSt): Kapur,Devesh, Pethinking Public Institutions in India, 2018









